[Event "Memorial Aldo Basile B"]
[Site "Napoli ITA"]
[Date "2007.07.19"]
[Round "6"]
[White "Caporali, Dante"]
[Black "Giglio, Achille"]
[Result "1/2-1/2"]
[WhiteElo "1595"]
[BlackElo "1720"]
[PlyCount "135"]
[EventDate "2007.06.07"]

1. d4 d5 2. c4 e6 3. Nc3 Nf6 4. Bg5 Nbd7 5. e3 c6 6. Nf3 Qa5 7. Nd2 Bb4 8. Qc2
dxc4 9. Bxf6 Nxf6 10. Nxc4 Bxc3+ 11. bxc3 Qc7 12. Bd3 O-O 13. Ne5 g6 14. O-O
Nd7 15. Nxd7 Bxd7 16. a4 e5 17. Rfc1 exd4 18. cxd4 Qa5 19. Be4 Qg5 20. Qe2 Rfe8
21. Bf3 Rab8 22. a5 a6 23. Rc5 Qf6 24. Rac1 Rbd8 25. Qd2 Bc8 26. Qc3 Re7 27.
Bxc6 Rc7 28. Bf3 Rxc5 29. Qxc5 Bd7 30. Bxb7 Bb5 31. Bf3 Qe6 32. Qc2 Qd6 33. Qc5
Qf6 34. h3 Bd7 35. Qb6 Kg7 36. Qxf6+ Kxf6 37. Rc7 Bb5 38. Bc6 Bd3 39. Bb7 Rd6
40. Rc6 Ke7 41. f4 Rxc6 42. Bxc6 Kd6 43. Bf3 h5 44. Kf2 f5 45. Ke1 h4 46. Kd2
Bb5 47. Kc3 Kc7 48. e4 fxe4 49. Bxe4 Be8 50. Kb4 Kd6 51. Bd3 Bc6 52. Bxa6 Bxg2
53. Bc8 Kc6 54. Be6 Kb7 55. d5 Bf1 56. Kc5 Kc7 57. d6+ Kd8 58. a6 Bxa6 59. Bc4
Bc8 60. Bd3 Bxh3 61. Bxg6 Bd7 62. Be4 Bg4 63. f5 h3 64. f6 Be6 65. Kd4 Kd7 66.
Ke5 h2 67. Kf4 Kxd6 68. Kg3 1/2-1/2

[Event "Memorial Aldo Basile B"]
[Site "Napoli ITA"]
[Date "2007.07.19"]
[Round "6"]
[White "Franzese, Luigi"]
[Black "D'Errico, Francesco"]
[Result "1-0"]
[WhiteElo "1655"]
[BlackElo "1667"]
[PlyCount "119"]
[EventDate "2007.06.07"]

1. Nf3 d5 2. c4 c6 3. b3 Bf5 4. g3 e6 5. Bg2 Nf6 6. Bb2 Be7 7. d3 h6 8. O-O O-O
9. Nbd2 Nbd7 10. Qc2 Bh7 11. e4 dxe4 12. dxe4 Nc5 13. Ne5 Qc7 14. b4 Ncd7 15.
Nxd7 Nxd7 16. a3 c5 17. b5 Bf6 18. f4 Bxb2 19. Qxb2 Rad8 20. Rad1 Nb6 21. Qc2
Rd4 22. f5 exf5 23. exf5 f6 24. a4 Nc8 25. Bd5+ Kh8 26. Nf3 Rxd1 27. Rxd1 Ne7
28. Be6 Rd8 29. Rxd8+ Qxd8 30. g4 Qd6 31. Qd2 Qc7 32. Nh4 Bg8 33. Ng6+ Nxg6 34.
Bxg8 Ne5 35. Bd5 b6 36. Qe2 Qe7 37. Qe4 Qd7 38. h3 Qc7 39. Kg2 Qd7 40. h4 Nf7
41. Qe6 Qxe6 42. fxe6 Nd6 43. e7 g5 44. Bc6 Kg7 45. e8=Q Nxe8 46. Bxe8 Kf8 47.
Bc6 Ke7 48. hxg5 fxg5 49. Kf3 Kf6 50. Ke4 Ke6 51. Be8 Ke7 52. Bh5 Ke6 53. Bg6
Kf6 54. Bf5 Ke7 55. Kd5 Kf6 56. Bc8 Kg6 57. Kc6 h5 58. gxh5+ Kxh5 59. Kb7 g4
60. Bxg4+ 1-0

[Event "Memorial Aldo Basile B"]
[Site "Napoli ITA"]
[Date "2007.07.26"]
[Round "7"]
[White "Caporali, Dante"]
[Black "Della Pietra, Antonio"]
[Result "0-1"]
[WhiteElo "1595"]
[BlackElo "1611"]
[PlyCount "62"]
[EventDate "2007.06.07"]

1. d4 Nf6 2. c4 g6 3. Nc3 Bg7 4. e4 d6 5. f4 O-O 6. Nf3 Na6 7. Be2 e5 8. fxe5
dxe5 9. Nxe5 c5 10. Nf3 cxd4 11. O-O dxc3 12. bxc3 Nxe4 13. Qxd8 Rxd8 14. Bb2
Be6 15. Nd4 Nac5 16. Nxe6 Nxe6 17. Rad1 Nxc3 18. Bxc3 Bxc3 19. Bf3 Nc5 20. Bd5
Rd7 21. Rf3 Be5 22. g3 Ne4 23. Rdd3 Nc5 24. Rd1 Kg7 25. Kg2 Rad8 26. Rdf1 f6
27. h4 b5 28. Bc6 Rd2+ 29. R3f2 Rxf2+ 30. Rxf2 bxc4 31. Bb5 c3 0-1

[Event "Memorial Aldo Basile B"]
[Site "Napoli ITA"]
[Date "2007.07.26"]
[Round "7"]
[White "Giglio, Achille"]
[Black "D'Errico, Francesco"]
[Result "0-1"]
[WhiteElo "1720"]
[BlackElo "1667"]
[PlyCount "90"]
[EventDate "2007.06.07"]

1. e4 d5 2. exd5 Qxd5 3. Nc3 Qa5 4. Nf3 Bg4 5. Be2 e6 6. d4 c6 7. Bd2 Qb6 8.
Na4 Qc7 9. O-O Nf6 10. h3 Bh5 11. Ne5 Bxe2 12. Qxe2 Be7 13. f4 O-O 14. c4 Nbd7
15. Nf3 Nh5 16. Qe3 Ng3 17. Rfe1 Nf5 18. Qf2 Nb6 19. Nxb6 axb6 20. a3 Ra4 21.
Rac1 Rd8 22. g4 Nd6 23. Qe2 Re8 24. Qd3 g6 25. Qb3 Raa8 26. d5 exd5 27. cxd5 c5
28. Kg2 Bf6 29. Ne5 Bg7 30. Qg3 f6 31. Rc2 fxe5 32. fxe5 Nf7 33. d6 Qc6+ 34.
Kh2 Bxe5 35. Rxe5 Rxe5 36. Bf4 Rd5 37. Re2 Rd1 38. Re1 Rxe1 39. Qxe1 Re8 40.
Qd1 Qe4 41. Kg3 Qe1+ 42. Qxe1 Rxe1 43. d7 Rd1 44. Bc7 b5 45. Bb6 c4 0-1

[Event "II Festival B"]
[Site "Senigallia ITA"]
[Date "2007.06.02"]
[Round "6"]
[White "Antei, Fabrizio"]
[Black "Trimarchi, Giuseppe"]
[Result "1-0"]
[WhiteElo "1775"]
[BlackElo "1644"]
[PlyCount "129"]
[EventDate "2007.05.28"]

1. d4 d5 2. Nf3 Nf6 3. Bf4 Bf5 4. e3 a6 5. Bd3 Be4 6. Bxe4 Nxe4 7. Nbd2 Nf6 8.
c3 e6 9. Qc2 Bd6 10. Ne5 Nh5 11. g4 Nxf4 12. exf4 Qf6 13. O-O-O Qxf4 14. Nd3
Qf6 15. h4 h5 16. g5 Qf5 17. Kb1 Nc6 18. Nf1 O-O-O 19. Ne3 Qg6 20. f4 Ne7 21.
Ka1 Nf5 22. Nxf5 Qxf5 23. Qb3 f6 24. c4 dxc4 25. Qxc4 Qd5 26. Qc3 fxg5 27. fxg5
Rhf8 28. Qe1 b6 29. Qe2 g6 30. Rhe1 Rde8 31. a3 Kb7 32. Ne5 Bxe5 33. dxe5 Qc6
34. Rc1 Qa4 35. Rc4 Qb5 36. Rec1 Re7 37. Qe4+ Kb8 38. Qxg6 Rf2 39. Rb4 Qxe5 40.
Qxh5 Ka7 41. Qd1 c5 42. Rb3 b5 43. Rbc3 b4 44. axb4 cxb4 45. Rb3 Qa5+ 46. Kb1
Qf5+ 47. Qd3 Qxd3+ 48. Rxd3 Rh2 49. Rc4 a5 50. Ka2 Kb6 51. Re4 Kc6 52. Rde3 Kd6
53. Kb3 e5 54. Rg4 Rg7 55. g6 Kd5 56. Rg5 Rxh4 57. Rexe5+ Kd6 58. Rxa5 Kc6 59.
Ra6+ Kb7 60. Rf6 Rh6 61. Rf7+ Rxf7 62. gxf7 Rf6 63. Rg7 Kc6 64. Kxb4 Kb6 65.
Rg6 1-0

[Event "C.to Provinciale RI Maggio"]
[Site "Rieti ITA"]
[Date "2007.05.??"]
[Round "1"]
[White "Marotti, Simone"]
[Black "Fioravanti, Ivano"]
[Result "0-1"]
[WhiteElo "1407"]
[BlackElo "1506"]
[PlyCount "66"]
[EventDate "2007.05.04"]

1. e4 c5 2. Nc3 d6 3. Bc4 e6 4. d3 Nf6 5. Nf3 Nc6 6. Ng5 Be7 7. Qf3 Nd4 8. Bb5+
Bd7 9. Bxd7+ Qxd7 10. Qd1 O-O 11. O-O b5 12. Ne2 Nxe2+ 13. Qxe2 Qc7 14. Qf3 c4
15. Nxh7 Nxh7 16. Qg3 Bf6 17. Re1 Rfc8 18. d4 Bxd4 19. Bh6 g6 20. c3 Bg7 21.
Bxg7 Kxg7 22. Qh4 Nf6 23. Re3 Rh8 24. Qf4 Qe7 25. Rf3 e5 26. Qg5 Rh5 27. Qg3
Nxe4 28. Qf4 exf4 29. Re1 Qh4 30. h3 d5 31. b3 Nd2 32. Re2 Nxf3+ 33. gxf3 Qxh3
0-1

[Event "C.to Provinciale RI Maggio"]
[Site "Rieti ITA"]
[Date "2007.05.??"]
[Round "3"]
[White "Fioravanti, Ivano"]
[Black "Maddaloni, Giovanni"]
[Result "1-0"]
[WhiteElo "1506"]
[BlackElo "1867"]
[PlyCount "51"]
[EventDate "2007.05.04"]

1. e4 c5 2. Nf3 Nc6 3. Bb5 g6 4. c3 Bg7 5. d4 cxd4 6. cxd4 Nf6 7. Nc3 O-O 8.
Be3 d5 9. e5 Ne8 10. Qd2 Nc7 11. Bxc6 bxc6 12. O-O Bg4 13. Ne1 f6 14. exf6 exf6
15. f3 Bc8 16. Nd3 Ne6 17. Rfe1 c5 18. Nxc5 Nxc5 19. dxc5 Bb7 20. Rad1 Qa5 21.
b4 Qa3 22. b5 d4 23. Bxd4 Rad8 24. c6 Bc8 25. Qe3 Qb4 26. Bc5 1-0

[Event "C.to Provinciale RI Maggio"]
[Site "Rieti ITA"]
[Date "2007.05.??"]
[Round "4"]
[White "Rinaldi, Silvia"]
[Black "D'Eramo, Raniero"]
[Result "0-1"]
[WhiteElo "1455"]
[BlackElo "1482"]
[PlyCount "70"]
[EventDate "2007.05.04"]

1. d4 e6 2. e4 d5 3. e5 Ne7 4. Nf3 Ng6 5. Bd3 Ne7 6. O-O Nec6 7. Bd2 a5 8. a4
b6 9. c3 Ba6 10. Bxa6 Nxa6 11. Na3 Ncb8 12. Nc2 c5 13. Rb1 c4 14. b4 Nd7 15. b5
Nc7 16. Ng5 h6 17. Nf3 Be7 18. g3 Nf8 19. h4 g5 20. h5 Nh7 21. Nh2 f6 22. Ng4
Nf8 23. exf6 Bxf6 24. Qf3 Nd7 25. Rbe1 Qe7 26. Re2 O-O-O 27. Nce3 Qf8 28. Rfe1
Re8 29. Nxf6 Nxf6 30. Ng4 Ne4 31. Qxf8 Rexf8 32. Ne5 Rf6 33. Ng6 Rh7 34. Rf1
Ne8 35. f3 Nxg3 0-1

[Event "C.to Provinciale RI Maggio"]
[Site "Rieti ITA"]
[Date "2007.05.??"]
[Round "4"]
[White "Turturici, Pellegrino"]
[Black "Fioravanti, Ivano"]
[Result "1/2-1/2"]
[WhiteElo "2010"]
[BlackElo "1506"]
[PlyCount "108"]
[EventDate "2007.05.04"]

1. e4 c5 2. Nf3 d6 3. d4 cxd4 4. Nxd4 g6 5. Nc3 Bg7 6. Bc4 Nc6 7. Nde2 Nf6 8.
f3 O-O 9. Be3 Bd7 10. Qd2 Ne5 11. Bb3 a5 12. a4 Qc8 13. O-O Be6 14. Rac1 Bxb3
15. cxb3 Qd7 16. Nb5 Rfc8 17. Rxc8+ Rxc8 18. Na7 Ra8 19. Nc3 Nc6 20. Ncb5 Ne8
21. Rc1 h5 22. Bb6 Kh7 23. Nxc6 bxc6 24. Nd4 c5 25. Nb5 Bh6 26. f4 Qb7 27. Bxa5
Qxe4 28. Rf1 d5 29. Bb6 Rc8 30. Nc3 Qb4 31. a5 d4 32. Ne4 Qxd2 33. Nxd2 Nd6 34.
b4 cxb4 35. Bxd4 Nb5 36. Be3 Bg7 37. Rb1 Bd4 38. Bxd4 Nxd4 39. a6 f6 40. Kf2 e5
41. fxe5 fxe5 42. Ke3 Kg7 43. Kd3 Kf6 44. Ne4+ Ke6 45. a7 Ra8 46. Ra1 Nb5 47.
Ra6+ Kd7 48. Kc4 Rxa7 49. Rxa7+ Nxa7 50. Kxb4 Ke6 51. Kc5 Kf5 52. Nd6+ Kf4 53.
Kb6 e4 54. Kxa7 e3 1/2-1/2

[Event "C.to Provinciale RI Maggio"]
[Site "Rieti ITA"]
[Date "2007.05.??"]
[Round "5"]
[White "D'Eramo, Raniero"]
[Black "Bianchini, Massimo"]
[Result "1-0"]
[WhiteElo "1482"]
[BlackElo "1452"]
[PlyCount "53"]
[EventDate "2007.05.04"]

1. e4 d6 2. Nc3 Nf6 3. d4 e6 4. Nf3 Be7 5. Be2 O-O 6. O-O Nbd7 7. Bg5 b6 8. e5
Ne8 9. Bxe7 Qxe7 10. Ne4 c5 11. exd6 Nxd6 12. Nxd6 Qxd6 13. dxc5 Qxd1 14. Rfxd1
Nxc5 15. Ne5 Bb7 16. f3 Rfd8 17. Bb5 Rd5 18. Rxd5 Bxd5 19. c4 Bb7 20. Rd1 Ba6
21. Bxa6 Nxa6 22. Rd7 f6 23. Nc6 Rc8 24. Ne7+ Kf8 25. Nxc8 Nb4 26. a3 Nc6 27.
Nxa7 1-0

[Event "C.to Provinciale RI Maggio"]
[Site "Rieti ITA"]
[Date "2007.05.??"]
[Round "5"]
[White "Fioravanti, Ivano"]
[Black "Sautto, Daniele"]
[Result "0-1"]
[WhiteElo "1506"]
[BlackElo "2195"]
[PlyCount "59"]
[EventDate "2007.05.04"]

1. e4 d5 2. exd5 Qxd5 3. Nc3 Qd6 4. Nf3 Nf6 5. d4 a6 6. Be2 Nc6 7. O-O Bg4 8.
Bg5 O-O-O 9. Be3 h6 10. Rb1 Bxf3 11. Bxf3 Nxd4 12. Bxd4 Qxd4 13. Qe2 Qb6 14.
Rbd1 Rxd1 15. Rxd1 e6 16. Qd3 Be7 17. Qe2 Rd8 18. Rxd8+ Bxd8 19. Na4 Qd4 20. b3
Qa1+ 21. Qf1 Qxa2 22. Nc5 c6 23. Qd3 Bb6 24. Na4 Qa1+ 25. Qf1 Qxf1+ 26. Kxf1
Bd4 27. Ke2 b5 28. c3 bxa4 29. bxa4 Bxc3 30. Bxc6 0-1

[Event "XIII Torneo Leonardo di Bona Nazionale"]
[Site "Cutro ITA"]
[Date "2007.04.23"]
[Round "1"]
[White "Calomeni, Francesca"]
[Black "De Rasis, Giovanni"]
[Result "1/2-1/2"]
[WhiteElo "1356"]
[BlackElo "1560"]
[PlyCount "25"]
[EventDate "2007.04.23"]

1. e4 d5 2. exd5 Nf6 3. Nc3 c6 4. dxc6 e5 5. Nf3 Bc5 6. cxb7 Bxb7 7. Bc4 Bxf2+
8. Kxf2 O-O 9. Nxe5 Qd4+ 10. Kf1 Qxe5 11. d4 Qf5+ 12. Kg1 Re8 13. d5 1/2-1/2

[Event "XIII Torneo Leonardo di Bona Nazionale"]
[Site "Cutro ITA"]
[Date "2007.04.23"]
[Round "1"]
[White "Camposano, Antonio"]
[Black "Rizzuti, Pasquale"]
[Result "0-1"]
[WhiteElo "1350"]
[BlackElo "1835"]
[PlyCount "70"]
[EventDate "2007.04.23"]

1. d4 c5 2. c3 e6 3. Nf3 Nc6 4. Bg5 Nf6 5. e3 h6 6. Bf4 Be7 7. Nbd2 d5 8. Qa4
Bd7 9. Bb5 a6 10. Bxc6 Bxc6 11. Qb3 O-O 12. Ne5 Be8 13. Qxb7 Rb8 14. Qxa6 Rxb2
15. Nc6 Bxc6 16. Qxc6 Qa5 17. Rc1 Qxa2 18. O-O Rxd2 19. Qb5 Rb2 20. Ra1 Qxa1
21. Rxa1 Rxb5 22. h3 Ne4 23. Ra7 g5 24. Be5 f6 25. Rxe7 fxe5 26. Rxe6 exd4 27.
cxd4 c4 28. Rxh6 Rxf2 29. Rg6+ Kf7 30. Ra6 Rb1+ 31. Kh2 Rbb2 32. Ra7+ Kg6 33.
Ra6+ Kh5 34. Ra1 Rxg2+ 35. Kh1 Ng3# 0-1

[Event "XIII Torneo Leonardo di Bona Nazionale"]
[Site "Cutro ITA"]
[Date "2007.04.23"]
[Round "1"]
[White "Di Mauro, Sebastiano"]
[Black "D'Elia, Mario Domenico"]
[Result "1-0"]
[WhiteElo "1814"]
[BlackElo "1440"]
[PlyCount "113"]
[EventDate "2007.04.23"]

1. e4 g6 2. f4 e6 3. Nf3 Bg7 4. Nc3 Nc6 5. d4 d5 6. Bb5 Nge7 7. O-O Bd7 8. Re1
O-O 9. Be3 a6 10. Bf1 b5 11. a3 Na5 12. Bf2 c6 13. Qe2 Nc4 14. Rab1 Re8 15. Nd2
Nxd2 16. Qxd2 Nc8 17. e5 Nb6 18. b3 Bc8 19. Re3 Bf8 20. Rh3 Bxa3 21. Nd1 Be7
22. Ne3 c5 23. c3 c4 24. g4 cxb3 25. Rxb3 Nc4 26. Qd3 Bf8 27. g5 Bg7 28. Ng4
Kh8 29. Qg3 Re7 30. Bd3 Nd2 31. Qh4 Qg8 32. Rb2 Ne4 33. Be1 Raa7 34. c4 bxc4
35. Rb8 Rec7 36. Bxe4 dxe4 37. Ba5 Rc6 38. Rc3 Rb7 39. Rxb7 Bxb7 40. Rh3 Rc8
41. Bb4 Re8 42. Qe1 Bd5 43. Qa1 Ra8 44. Be7 a5 45. Nf6 a4 46. Nxg8 Kxg8 47. Qa3
Rc8 48. Qxa4 Ra8 49. Qb4 Ra1+ 50. Kf2 Ra2+ 51. Ke3 Ra8 52. Kd2 Ra2+ 53. Kc1
Ra1+ 54. Kb2 Ra8 55. Ra3 c3+ 56. Kxc3 Rc8+ 57. Kd2 1-0

[Event "XIII Torneo Leonardo di Bona Nazionale"]
[Site "Cutro ITA"]
[Date "2007.04.23"]
[Round "1"]
[White "Frontera, Giuseppe"]
[Black "Paragliola, Gennaro"]
[Result "1-0"]
[WhiteElo "1877"]
[BlackElo "1451"]
[PlyCount "63"]
[EventDate "2007.04.23"]

1. e4 d6 2. d4 g6 3. Nf3 Bg7 4. Nc3 Nf6 5. Be3 O-O 6. h3 Nbd7 7. Qd2 Re8 8.
O-O-O e5 9. dxe5 Nxe5 10. Nxe5 Rxe5 11. f3 Bd7 12. g4 b5 13. Bd4 Re6 14. g5 Nh5
15. Bxb5 Bxb5 16. Nxb5 Qb8 17. Nc3 Bxd4 18. Qxd4 Re5 19. h4 Nf4 20. Qd2 Nh5 21.
Nd5 Qb7 22. Qb4 Rb8 23. Qxb7 Rxb7 24. Rd3 c6 25. Nc3 Re6 26. Rhd1 Rd7 27. Ne2
c5 28. Rd5 Kf8 29. Rxc5 Ke7 30. Rcd5 f6 31. Nd4 Re5 32. Nc6+ 1-0

[Event "XIII Torneo Leonardo di Bona Nazionale"]
[Site "Cutro ITA"]
[Date "2007.04.23"]
[Round "1"]
[White "Gualtieri, Domenico"]
[Black "Guzzo, Giovanni"]
[Result "0-1"]
[WhiteElo "1440"]
[BlackElo "1792"]
[PlyCount "50"]
[EventDate "2007.04.23"]

1. Nc3 d5 2. d4 e6 3. e3 c5 4. Bb5+ Nc6 5. Nf3 a6 6. Bxc6+ bxc6 7. O-O Bd6 8.
g3 Nf6 9. Na4 c4 10. c3 O-O 11. Qc2 Rb8 12. Rb1 Qe7 13. Qd1 Ne4 14. b3 f6 15.
Re1 e5 16. Bb2 Bg4 17. Ra1 Ng5 18. Kg2 Bxf3+ 19. Qxf3 Nxf3 20. Kxf3 e4+ 21. Kg2
cxb3 22. axb3 Rxb3 23. Rab1 Rfb8 24. Re2 Qe6 25. Kf1 Qh3+ 0-1

[Event "XIII Torneo Leonardo di Bona Nazionale"]
[Site "Cutro ITA"]
[Date "2007.04.23"]
[Round "1"]
[White "Piccoli, Vincenzo"]
[Black "Macri', Pasquale"]
[Result "1-0"]
[WhiteElo "1745"]
[BlackElo "1437"]
[PlyCount "33"]
[EventDate "2007.04.23"]

1. d4 d5 2. Nc3 e6 3. Nf3 Bb4 4. Bd2 c5 5. a3 Bxc3 6. Bxc3 cxd4 7. Bxd4 Nf6 8.
e3 a6 9. Bd3 Nc6 10. Bc3 h6 11. Qe2 O-O 12. O-O-O Re8 13. Ne5 d4 14. Nxc6 bxc6
15. Bxd4 Qd5 16. Bxf6 gxf6 17. Bh7+ 1-0

[Event "XIII Torneo Leonardo di Bona Nazionale"]
[Site "Cutro ITA"]
[Date "2007.04.23"]
[Round "1"]
[White "Rotunno, Giuseppe"]
[Black "Virelli, Salvatore"]
[Result "1-0"]
[WhiteElo "1922"]
[BlackElo "1524"]
[PlyCount "43"]
[EventDate "2007.04.23"]

1. d4 Nf6 2. c4 d5 3. cxd5 Nxd5 4. e4 Nb6 5. Nf3 Bg4 6. Be2 e6 7. O-O Be7 8.
Nc3 O-O 9. Bf4 a6 10. Rc1 Bxf3 11. Bxf3 Bg5 12. Bxg5 Qxg5 13. d5 Rd8 14. Qb3
exd5 15. exd5 h6 16. Ne4 Qe5 17. d6 N8d7 18. Rfe1 cxd6 19. Rcd1 d5 20. Nc5 Nxc5
21. Qxb6 Qd6 22. Re8+ 1-0

[Event "XIII Torneo Leonardo di Bona Nazionale"]
[Site "Cutro ITA"]
[Date "2007.04.23"]
[Round "1"]
[White "Scerra, Ezio"]
[Black "Paletta, Giuseppe"]
[Result "0-1"]
[WhiteElo "1398"]
[BlackElo "1679"]
[PlyCount "90"]
[EventDate "2007.04.23"]

1. c4 Nf6 2. Nf3 c5 3. b3 Nc6 4. Bb2 d6 5. d3 e5 6. e4 Bg4 7. Be2 Be7 8. Nbd2
Qa5 9. O-O O-O 10. h3 Bd7 11. Nh2 Ne8 12. Ng4 f5 13. Ne3 Bg5 14. Nf3 Qd8 15.
Nxf5 Bxf5 16. Nxg5 Qxg5 17. Bc1 Qf6 18. exf5 Qxf5 19. Bg4 Qf6 20. Be3 Nc7 21.
Qf3 Qe7 22. Qe4 Ne6 23. Bxe6+ Qxe6 24. Qd5 Qxd5 25. cxd5 Nb4 26. Bg5 Nxd5 27.
a3 Rf7 28. b4 cxb4 29. axb4 Nxb4 30. Rfd1 a5 31. d4 Nc2 32. dxe5 Nxa1 33. exd6
Rd7 34. Rxa1 Rxd6 35. Be3 b5 36. Bc5 Rd5 37. Bb4 a4 38. g3 Rad8 39. Kg2 Rd3 40.
Re1 Rb3 41. Ba5 Ra8 42. Bb6 a3 43. Kf1 a2 44. Bd4 Rb1 45. Bc3 b4 0-1

[Event "XIII Torneo Leonardo di Bona Nazionale"]
[Site "Cutro ITA"]
[Date "2007.04.24"]
[Round "2"]
[White "D'Elia, Mario Domenico"]
[Black "Levato, Biagio"]
[Result "0-1"]
[WhiteElo "1440"]
[BlackElo "1495"]
[PlyCount "130"]
[EventDate "2007.04.23"]

1. c4 Nf6 2. d4 e6 3. Nc3 Bb4 4. Bg5 h6 5. Bh4 O-O 6. a3 Bxc3+ 7. bxc3 d6 8.
Nf3 Nbd7 9. Qd3 b6 10. e3 Bb7 11. Be2 Be4 12. Qd2 g5 13. Bg3 Nh5 14. d5 Nc5 15.
Qd1 Qf6 16. Nd4 Ng7 17. O-O Bh7 18. f3 e5 19. Nc6 Nf5 20. Bf2 Ne7 21. Nb4 a5
22. Nc2 e4 23. Be1 Qg7 24. Nd4 f5 25. f4 g4 26. Nb5 Ng6 27. Qd4 Qe7 28. Rb1
Rab8 29. Na7 Rb7 30. Nc6 Qf7 31. Rb5 Ne7 32. Bh4 Nxc6 33. dxc6 Rbb8 34. Rfb1 a4
35. Qd5 Bg6 36. Qxf7+ Bxf7 37. R5b4 Be8 38. h3 h5 39. hxg4 hxg4 40. Be7 Rf7 41.
Bg5 Bxc6 42. Kf2 Rh7 43. Rg1 Kf7 44. Rbb1 Rbh8 45. g3 Ne6 46. Bh4 Nf8 47. c5
dxc5 48. Bc4+ Ke8 49. Rbd1 Nd7 50. Be6 Rf8 51. Rd2 Bb5 52. Rgd1 Bd3 53. Bd5 Rh6
54. Rc1 c6 55. Bxe4 Bxe4 56. Rcd1 Rf7 57. Rd6 Rxd6 58. Rxd6 c4 59. Rg6 b5 60.
Re6+ Kf8 61. Bg5 b4 62. Bh6+ Kg8 63. Rg6+ Kh7 64. Rd6 b3 65. Bg5 b2 0-1

[Event "XIII Torneo Leonardo di Bona Nazionale"]
[Site "Cutro ITA"]
[Date "2007.04.24"]
[Round "2"]
[White "De Rasis, Giovanni"]
[Black "Olivo, Gaetano"]
[Result "1-0"]
[WhiteElo "1560"]
[BlackElo "1571"]
[PlyCount "27"]
[EventDate "2007.04.23"]

1. d4 d5 2. c4 dxc4 3. Nc3 a6 4. a4 c6 5. e4 Be6 6. d5 cxd5 7. exd5 Bf5 8. Bxc4
Nd7 9. Nf3 Rc8 10. Bd3 Bg4 11. O-O h6 12. Re1 Ngf6 13. Ne4 Nxd5 14. Nd6# 1-0

[Event "XIII Torneo Leonardo di Bona Nazionale"]
[Site "Cutro ITA"]
[Date "2007.04.24"]
[Round "2"]
[White "Macri', Pasquale"]
[Black "Camposano, Antonio"]
[Result "1-0"]
[WhiteElo "1437"]
[BlackElo "1350"]
[PlyCount "65"]
[EventDate "2007.04.23"]

1. e4 e6 2. d4 d5 3. e5 Be7 4. c4 Bb4+ 5. Bd2 Bxd2+ 6. Nxd2 Ne7 7. Bd3 O-O 8.
Qh5 g6 9. Qh6 Nf5 10. Bxf5 exf5 11. Ngf3 Be6 12. Ng5 Qxg5 13. Qxg5 Nc6 14. cxd5
Bxd5 15. Nf3 Bxf3 16. gxf3 Nxd4 17. Qf4 Nc2+ 18. Ke2 Nxa1 19. Rxa1 b6 20. Qc4
c5 21. Rd1 Kh8 22. Rd7 Kg7 23. e6 Rfe8 24. Qc3+ Kh6 25. e7 Rg8 26. Kf1 Kg5 27.
h4+ Kxh4 28. Qf6+ Kh5 29. Rd8 Raxd8 30. exd8=Q Rxd8 31. Qxd8 b5 32. f4 b4 33.
Qg5# 1-0

[Event "XIII Torneo Leonardo di Bona Nazionale"]
[Site "Cutro ITA"]
[Date "2007.04.24"]
[Round "2"]
[White "Paletta, Giuseppe"]
[Black "Frontera, Giuseppe"]
[Result "0-1"]
[WhiteElo "1679"]
[BlackElo "1877"]
[PlyCount "136"]
[EventDate "2007.04.23"]

1. d4 Nf6 2. c4 e6 3. Bg5 Be7 4. Nc3 b6 5. Qc2 Bb7 6. e3 O-O 7. f3 Na6 8. a3 c5
9. Bd3 h6 10. Bh4 d5 11. Nge2 Nc7 12. O-O Rc8 13. Rac1 dxc4 14. Bxc4 Ncd5 15.
Qd3 cxd4 16. exd4 Rxc4 17. Qxc4 Ne3 18. Qd3 Nxf1 19. Kxf1 Qd7 20. Qe3 Rd8 21.
Bf2 Ba6 22. Kg1 Rc8 23. Ng3 Bb7 24. Nge2 Ne8 25. Ne4 Bxe4 26. fxe4 Bg5 27. Nf4
Nf6 28. h3 Rxc1+ 29. Qxc1 Nxe4 30. Be3 Ng3 31. Qd2 Nf5 32. Bf2 e5 33. d5 Bxf4
34. Qd3 Ne7 35. g3 Bg5 36. h4 Bf6 37. a4 Qxd5 38. Qa6 Qd7 39. a5 bxa5 40. Qxa5
Qd1+ 41. Kh2 Qc2 42. Qxa7 Qxb2 43. Kh3 e4 44. Be3 Nd5 45. Qa8+ Kh7 46. Qxd5 Qe5
47. Qxf7 Qf5+ 48. Kh2 Qf3 49. h5 Qg4 50. Qd5 Qe2+ 51. Kh3 Qxe3 52. Qf5+ Kg8 53.
Qc8+ Kf7 54. Qd7+ Kf8 55. Qc8+ Ke7 56. Qc7+ Ke6 57. Qc6+ Ke5 58. Qb5+ Kd4 59.
Qd7+ Kc3 60. Qe6 Kd2 61. Qd5+ Ke2 62. Qc4+ Qd3 63. Qa2+ Kf3 64. Qg2+ Ke3 65.
Qg1+ Kd2 66. Qf2+ Qe2 67. Qf4+ e3 68. Qd6+ Qd3 0-1

[Event "XIII Torneo Leonardo di Bona Nazionale"]
[Site "Cutro ITA"]
[Date "2007.04.24"]
[Round "2"]
[White "Paragliola, Gennaro"]
[Black "Scerra, Ezio"]
[Result "1-0"]
[WhiteElo "1451"]
[BlackElo "1398"]
[PlyCount "52"]
[EventDate "2007.04.23"]

1. d4 d5 2. c4 b6 3. Nc3 Bb7 4. cxd5 Bxd5 5. Nxd5 Qxd5 6. Nf3 c5 7. e3 c4 8. g3
Nc6 9. Bg2 Nb4 10. Qa4+ Nc6 11. Nh4 Qa5+ 12. Qxa5 bxa5 13. Bxc6+ Kd8 14. Bxa8
e6 15. Bd2 g5 16. Nf3 g4 17. Ne5 f6 18. Nf7+ Ke7 19. Nxh8 Bg7 20. Bxa5 Bxh8 21.
Ke2 f5 22. Rhc1 Nf6 23. Rxc4 Kf7 24. Rc7+ Kg6 25. Rxa7 Ne8 26. Rc1 Nd6 1-0

[Event "XIII Torneo Leonardo di Bona Nazionale"]
[Site "Cutro ITA"]
[Date "2007.04.24"]
[Round "2"]
[White "Rizzuti, Pasquale"]
[Black "Rotunno, Giuseppe"]
[Result "1-0"]
[WhiteElo "1835"]
[BlackElo "1922"]
[PlyCount "69"]
[EventDate "2007.04.23"]

1. b3 e5 2. Bb2 Nc6 3. c4 g6 4. f4 Bg7 5. fxe5 Bxe5 6. Bxe5 Nxe5 7. g3 Qe7 8.
Qc2 d5 9. Nc3 d4 10. Nd5 Qd6 11. Bg2 Bf5 12. Be4 d3 13. exd3 Bxe4 14. dxe4 c6
15. c5 Qd8 16. Qc3 f6 17. d4 cxd5 18. dxe5 d4 19. Qb4 Qd7 20. Nf3 Rd8 21. O-O-O
d3 22. Rd2 Ne7 23. exf6 Nc6 24. Qc4 Rf8 25. e5 Qf5 26. g4 Qc8 27. Rhd1 Na5 28.
Qa4+ Qc6 29. Qxc6+ Nxc6 30. Rxd3 Rc8 31. Rd7 b6 32. Ng5 Rxf6 33. exf6 Nb8 34.
f7+ Kf8 35. Ne6# 1-0

[Event "XIII Torneo Leonardo di Bona Nazionale"]
[Site "Cutro ITA"]
[Date "2007.04.24"]
[Round "2"]
[White "Sansosti, Simona"]
[Black "Calomeni, Francesca"]
[Result "1/2-1/2"]
[WhiteElo "1362"]
[BlackElo "1356"]
[PlyCount "23"]
[EventDate "2007.04.23"]

1. e4 e5 2. Nf3 Nf6 3. Be2 Nc6 4. O-O d6 5. Nc3 Be7 6. d4 exd4 7. Nxd4 Nxd4 8.
Qxd4 c5 9. Qc4 O-O 10. Nd5 Nxd5 11. Qxd5 Be6 12. Qxb7 1/2-1/2

[Event "XIII Torneo Leonardo di Bona Nazionale"]
[Site "Cutro ITA"]
[Date "2007.04.24"]
[Round "2"]
[White "Scalise, Sandro"]
[Black "Piccoli, Vincenzo"]
[Result "0-1"]
[WhiteElo "1598"]
[BlackElo "1745"]
[PlyCount "42"]
[EventDate "2007.04.23"]

1. d4 Nf6 2. Nf3 b6 3. Bf4 Ba6 4. g3 e6 5. Bg2 Bb7 6. O-O Be7 7. Nc3 Ne4 8. Nb5
d6 9. Qd3 Na6 10. Nd2 Nb4 11. Nxc7+ Kf8 12. Nxe6+ fxe6 13. Qf3 Nxd2 14. Qxb7
Rb8 15. Qxa7 Nxf1 16. Rxf1 Nxc2 17. Rc1 Nxd4 18. Rc7 Nb5 19. Bg5 Nxa7 20. Bxe7+
Qxe7 21. Rxe7 Kxe7 0-1